Democracia y catolicismo en América

Saved in:
Bibliografiske detaljer
Hovedforfatter: Shields, Currin V (Author)
Format: Bog
Sprog:spansk
Udgivet: Madrid Taurus 1959
Serier:Ser y Tiempo, 7
Fag:
Tags: Tilføj Tag
Ingen Tags, Vær først til at tagge denne postø!

MARC

LEADER 00000nam a2200000 a 4500
001 UCZ7461
003 CL-VaPUC
008 960105e19590000SP |||||||||||||||||spa|d
082 0 4 |a 321.8  |b SHI  |2 21 
100 0 |a Shields, Currin V  |e author  |9 352349 
245 1 0 |a Democracia y catolicismo en América 
300 |a 284 p 
942 |c BK 
945 |d 19960105 00:00:00  |a cmena 
260 |a Madrid  |b Taurus  |c 1959 
650 0 |a Democracia  |9 255256 
650 7 |a SISTEMAS POLITICOS  |2 CL-VaPUC  |9 352350 
650 0 |a Democratización  |9 316630 
650 0 |a Libre albedrío  |9 334583 
650 0 |a Religión   |9 255164 
650 0 |a Iglesia Católica  |9 256114 
650 0 |a Sociedad contemporánea  |9 337179 
651 0 |a América  |9 255182 
583 |a last modification  |c 19960105 00:00:00  |k Rodrigo Vera 
490 0 |a Ser y Tiempo, 7 
999 |c 243533  |d 243531 
952 |0 0  |1 0  |4 0  |6 321_800000000000000_SHI_1959  |7 0  |8 P  |9 257203  |a BIBEDU  |b BIBEDU  |c BIBEDU_PB  |d 2019-11-19  |i 1611550  |o 321.8 SHI 1959  |p 1611550  |r 2024-01-25  |w 2019-11-19  |y BK  |k EDU 
952 |0 0  |1 0  |4 0  |6 321_800000000000000_SHI_1959  |7 0  |8 A  |9 257204  |a BIBHIS  |b BIBHIS  |d 2019-11-19  |i 1339206  |o 321.8 SHI 1959  |p 1339206  |r 2025-01-20  |w 2019-11-19  |y BK  |k HIS